Lingue del mondo A-Z #2 - Statistics

Statistiche generali
  • Questo quiz è stato fatto 33 volte
  • Il punteggio medio è 14 su 26
Statistiche sulle risposte
Lettera Indizio Lingua % Corretto
A Lingua mediorientale, tuttora esistente, parlata correntemente ai tempi di Gesù, e in cui furono scritti anche alcuni libri della Bibbia. Aramaico
100%
E Antica lingua sopravvissuta a lungo solo in forma scritta e ripristinata per l'uso orale tra XIX e XX secolo. Dal 1948 è la lingua ufficiale di Israele. Ebraico
89%
B Lingua parlata in una ristretta regione tra Francia e Spagna, differente da tutte le altre lingue europee. Basco
85%
D Lingua germanica parlata nella penisola dello Jutland. Danese
78%
F Lingua retoromanza parlata in Italia nord-orientale. Friulano
78%
I Lingua germanica che si è imposta come lingua franca a livello globale, parlata da quasi un miliardo e mezzo di persone, di cui 400 milioni come madrelingua. Inglese
78%
H Lingua creola, basata sul francese, che è diventata la lingua ufficiale di un paese caraibico. Haitiano
74%
R La più orientale tra le lingua romanze parlate in Europa. Rumeno
74%
G Lingua asiatica che si può scrivere in diversi modi detti kanji, hiragana e katakana. Giapponese
67%
U Lingua slava parlata in Europa orientale da oltre 30 milioni di persone. Ucraino
67%
C Lingua diffusa nella Cina meridionale, nella regione di Hong Kong e Guangzhou. Cantonese
63%
K Lingua turcica parlata in un vasto paese dell'Asia centrale, scritta usando sia l'alfabeto latino, sia quello cirillico, sia (in Cina) quello arabo. Kazako
63%
L Lingua parlata nell'interno dell'Indocina e scritta con un proprio alfabeto. Lao
63%
S Lingua franca diffusa in diversi paesi dell'Africa orientale e centrale. Swahili
63%
P I parlanti di questa lingua romanza sono detti "lusofoni". Portoghese
59%
T Lingua diffusa in Indocina, in passato nota anche come "Siamese". Thailandese
52%
Z Lingua più parlata in Sudafrica, e una delle undici ufficiali nel paese. Zulu
52%
M Unica lingua malese-polinesiana parlata in Africa, dove è la lingua ufficiale di un paese. Malgascio
44%
Y Lingua del gruppo germanico parlata dagli Ebrei ashkenaziti europei, oggi diffusa anche in Israele, nelle Americhe e in Australia. Yiddish
37%
O Lingua indoeuropea parlata anticamente in Italia, prima della conquista romana, e spesso associata all'Umbro. Osco
30%
N Antica lingua parlata nell'Impero Azteco, e tuttora diffusa nell'altopiano del Messico. Nahuatl
22%
V Lingua parlata in Zimbabwe e Sudafrica, dove è una delle undici lingue ufficiali. Venda
7%
J Lingua parlata da una minoranza di persone nell'estremità meridionale della Penisola Arabica. Jibbali
4%
Q Lingua Maya parlata in Guatemala, dove è il secondo idioma più diffuso dopo lo Spagnolo. Quiché
4%
W Lingua amerindia una volta parlata negli Stati Uniti e oggi estinta: l'ultima locutrice nota morì nel 2016. Wichita
4%
X Lingua indigena del Brasile ormai prossima all'estinzione, della quale sopravvivono pochissimi parlanti. Xipaya
4%
Nessun quiz corrispondente trovato
Distribuzione punteggi
Percentuale di utenti per punteggio
Percentile per numero di risposta
I tuoi punteggi nel tempo
Non hai fatto questo quiz